Quiz na temat Słowian - Statystyki

Ogólne statystyki
  • Ten quiz został rozwiązany 21 razy
  • Średni wynik to 4 z 10
Statystyki odpowiedzi
Zagadnienie Odpowiedź % Poprawnych
Kto zamieszkiwał polskie ziemie przed Słowianami? Celtowie i Germanie
63%
Jakie jest pierwsze, bliżej nam znane, pismo słowiańskie? Głagolica
56%
Na jakiej rzece Słowianie Zachodni zakończyli swoją ekspansję? Łabie
56%
Czym jest "Brama Morawska"? Zapadliskiem pomiędzy Sudetami a Karpatami
50%
Jaki naród NIE wywodzi się do Słowian? Bułgarzy
44%
Który z Książąt słowiańskich był zwany "słowiańskim wikingiem"? Racibor I
44%
Która z haplogrup występuje najczęściej wśród ludów słowiańskich? R1a1
38%
Kto założył pierwsze państwo słowiańskie? Samon
38%
Co oznaczało słowiańskie słowo "berl" od którego wzięła się nazwa współczesnej stolicy Niemiec Berlin? Bagno/Mokradło
31%
Świętowit był bogiem... urodzaju i wojny
25%
Nie znaleziono quizów pasujących do podanych kryteriów
Rozkład punktacji
Procent ludzi z każdym wynikiem
Percentyl według liczby udzielonych odpowiedzi
Twoja historia wyników
Nie rozwiązałeś tego quizu